000 00639nam a2200181 i 4500
001 79799
003 ES-MaACL
005 20230906174043.0
007 t|
008 041025s1930 sp ||||1| spa d
100 1 _aHerrero García, Miguel.
_963315
245 1 0 _aEstimaciones literarias del siglo XVIII /
_cMiguel Herrero García.
260 _aMadrid :
_b[s.n.],
_c1930 (
_fImp. Asilo de Huérfanos del Sagrado Corazón de Jesús)
300 _a424 p. ;
_c23 cm.
650 0 4 _aLiteratura española-
_yS.XVI-XVII-
_xHistoria y crítica.
_914571
650 4 _aCrítica literaria-
_zEspaña-
_yS.XVI-XVII.
_9159707
852 _aES-MaACL
_jB-7230
999 _c79799
_d79799